| 000 | 00397nam a22001697a 4500 | ||
|---|---|---|---|
| 003 | MPLRDC | ||
| 005 | 20220104124649.0 | ||
| 008 | 210129b ||||| |||| 00| 0 eng d | ||
| 082 | _a449.1 HYDE | ||
| 100 | _aMARGARET O.HYDE 著; 陈菲力译 | ||
| 245 |
_a能子原与我 _c |
||
| 250 | _a初版 | ||
| 260 |
_a _b晨星书屋 _c1957 |
||
| 300 | _b平 | ||
| 650 | _a | ||
| 942 |
_cBK _o449.1 HYDE |
||
| 999 |
_c21155 _d21145 |
||